| 000 | 00463nam a22001577a 4500 | ||
|---|---|---|---|
| 003 | NUST | ||
| 038 | _aSaba | ||
| 082 |
_a004 _bMCS |
||
| 100 |
_aJaved, Sh M Zeeshan _935042 |
||
| 245 |
_aText Processing and Analyzing Traditional Medicine Literature _cSh M Zeeshan Javed |
||
| 260 |
_aIslamabad: _bMCS-NUST, _c2014. |
||
| 300 | _a69p. | ||
| 650 |
_aComputer Software Engineering ,Text Processing _935043 |
||
| 700 |
_aDr. Hammad Afzal _935034 |
||
| 942 |
_2ddc _cTHE |
||
| 999 |
_c540821 _d540821 |
||